Public Relations v podmienkach cestovného ruchu diplomová práca

Gespeichert in:
Bibliographische Detailangaben
1. Verfasser: Danicseková, Anita
Körperschaft: Obchodná fakulta EU. Katedra marketingu
Weitere Verfasser: Drábik, Peter, 1981-
Format: Buch
Sprache:Slowakisch
Veröffentlicht: Bratislava 2010
Tags: Tag hinzufügen
Keine Tags, Fügen Sie das erste Tag hinzu!

MARC

LEADER 00000nam$a2200000$$$4500
001 0121448
005 20240318123307.9
041 0 |a slo 
044 |a SK 
245 1 0 |a Public Relations v podmienkach cestovného ruchu  |b diplomová práca  |c Anita Danicseková ; škol. Peter Drábik 
264 1 |a Bratislava  |c 2010 
300 |a 91 s. 
100 1 |a Danicseková, Anita 
700 1 |a Drábik, Peter, 1981- 
710 2 |a Obchodná fakulta EU. Katedra marketingu